000 01541nam a2200457 a 4500
001 20907
003 VRT
005 20260206152510.0
008 190102s1972 xo 000 slo
015 _aSKSNBA1972/09-02416
035 _aSK01SNK19720041132
035 _aSKM000043595
039 9 _a202102021605
_bAUTHORITY
_c202101111501
_dAUTHORITY
_c202101111454
_dAUTHORITY
_c202101111434
_dAUTHORITY
040 _aSNK
_bslo
_cSNK
_eAACR2
041 1 _aslo
_hger
044 _axo
_cSK
080 _a830-3
_21981
100 1 _aMann, Thomas,
_d1875-1955
_4aut
240 1 4 _aDie Betrogene
_lSlovensky
245 1 0 _aOklamaná
_cThomas Mann ; z nem. orig. prel. a doslov nap. Nora Krausová ; ilustr. František Šesták
260 _aBratislava
_bSmena
_c1972
_eŽilina
_fPravda
300 _a157, [3] s.
_c
490 1 _aEva
_vzv. 22
500 _aFrontispice
563 _a10000 výtl.
650 0 7 _anemecké novely
655 7 _aumelecká literatúra
_2SNKPH
700 1 _aKrausová, Nora,
_d1920-2009
_4trl
_4aui
700 1 _aŠesták, František,
_d1935-2004
_4ill
730 _aDie Betrogene
830 0 _aEva
910 _akis3gmm
910 _atotk
910 _abpksh
942 _2ddc
_cKLDO
_n0
949 _63869A11867
_abpksh821.112.2-3
_bbpksh65167
949 _6270001000577203
_asvkbbS 29625
_bsvkbbm 260100
949 _6270001000577204
_asvkbbS 29624
_bsvkbbm 261588
999 _c20907
_d20907